Licence for alterations in commercial property (Record no. 114841)

MARC details
000 -LEADER
fixed length control field 01274cad a22002895a 4500
001 - CONTROL NUMBER
control field L157567
005 - DATE AND TIME OF LATEST TRANSACTION
control field 20250804135432.0
008 - FIXED-LENGTH DATA ELEMENTS--GENERAL INFORMATION
fixed length control field 130122s2013 xxk f 000 0 eng d
020 ## - INTERNATIONAL STANDARD BOOK NUMBER
International Standard Book Number 9781842199206
035 ## - SYSTEM CONTROL NUMBER
System control number (Sirsi) u157567
041 0# - LANGUAGE CODE
Language code of text/sound track or separate title eng
110 2# - MAIN ENTRY--CORPORATE NAME
Corporate name or jurisdiction name as entry element Royal Institution of Chartered Surveyors
9 (RLIN) 4900
245 04 - TITLE STATEMENT
Title Licence for alterations in commercial property
Medium [archived]
246 ## - VARYING FORM OF TITLE
Title proper/short title License to alter
250 ## - EDITION STATEMENT
Edition statement 2nd ed
260 ## - PUBLICATION, DISTRIBUTION, ETC.
Place of publication, distribution, etc. London
Name of publisher, distributor, etc. RICS
Date of publication, distribution, etc. 2013
300 ## - PHYSICAL DESCRIPTION
Extent 20p
490 #0 - SERIES STATEMENT
Series statement RICS Guidance Note
520 ## - SUMMARY, ETC.
Summary, etc. Offers guidance to chartered surveyors dealing with requests from commercial property tenants wishing to carry out alterations to office and industrial properties. Covers tenant applications, factors to consider and third party input and documentation to be included with application. Sometimes also called Licence to Alter.
520 ## - SUMMARY, ETC.
Summary, etc. Withdrawn and archived May 2022.
590 ## - LOCAL NOTE (RLIN)
Local note KA
651 #4 - SUBJECT ADDED ENTRY--GEOGRAPHIC NAME
Geographic name England and Wales
690 ## - LOCAL SUBJECT ADDED ENTRY--TOPICAL TERM (OCLC, RLIN)
Topical term or geographic name as entry element Commercial property
9 (RLIN) 6227
690 ## - LOCAL SUBJECT ADDED ENTRY--TOPICAL TERM (OCLC, RLIN)
Topical term or geographic name as entry element Landlord and tenant
9 (RLIN) 6252
856 40 - ELECTRONIC LOCATION AND ACCESS
Uniform Resource Identifier <a href="https://www.isurv.com/downloads/file/4915/archive_licence_for_alterations_in_commercial_property_2nd_edition_january_2013%E2%80%93may_2022">https://www.isurv.com/downloads/file/4915/archive_licence_for_alterations_in_commercial_property_2nd_edition_january_2013%E2%80%93may_2022</a>
Public note Archived on isurv (subscription required)
942 ## - ADDED ENTRY ELEMENTS (KOHA)
Suppress in OPAC 0
Source of classification or shelving scheme Dewey Decimal Classification
Holdings
Withdrawn status Lost status Damaged status Not for loan Home library Current library Shelving location Date acquired Total Checkouts Full call number Date last seen Copy number Uniform Resource Identifier Price effective from Koha item type Public note
        Virtual Virtual Online 22/01/2013   isurv 15/08/2024 1 https://www.isurv.com/downloads/file/4915/archive_licence_for_alterations_in_commercial_property_2nd_edition_january_2013%E2%80%93may_2022 06/08/2019 Online material Archived on isurv (subscription required)